Gaming Quiz

Random Gaming or Company Quiz

GAMES Hall of Fame Quiz Stats

 Plays Quiz Updated Feb 20, 2019

     
Support Sporcle.
Go Orange.
Score 0/25 Timer 04:00
0 Plays Today
Company Game % Correct
Parker BrothersMonopoly
96.7%
Parker BrothersSorry!
58%
Parker BrothersClue
55.7%
Parker BrothersRisk
46.3%
Milton BradleyScrabble Crossword Game
42.8%
Parker BrothersTrivial Pursuit
30.4%
TSRDungeons & Dragons
24%
Milton BradleyYahtzee
23.3%
Wizards of the CoastMagic: The Gathering
22.4%
Milton BradleyStratego
19.3%
Milton BradleyTwister
18.4%
Mayfair GamesThe Settlers of Catan
10%
Milton BradleyTaboo
9.6%
Company Game % Correct
MattelOthello
8.1%
Avalon HillAxis & Allies
7.2%
Avalon HillDiplomacy
4.4%
Avalon HillCivilization
2.2%
Avalon HillAcquire
2%
MattelApples to Apples
1.8%
Winning MovesMille Bornes
1.7%
Patch ProductsTribond
1.5%
Winning MovesPente
1.2%
Kosmos (Funagain) Twixt
1.1%
PressmanBlockhead!
1%
Xanadu Leisure Ltd.Bridgette
0.8%

From the Vault

Europe: Five-Border Countries

by goc3

There's a lot of counting going on behind the scenes.
Remove Ads.
Support Sporcle.
Get the best of Sporcle when you Go Orange. This ad-free experience offers more features, more stats, and more fun while also helping to support Sporcle. Thank you for becoming a member.

Show Comments

Extras

Top Quizzes Today


Score Distribution

Your Account Isn't Verified!

In order to create a playlist on Sporcle, you need to verify the email address you used during registration. Go to your Sporcle Settings to finish the process.

Report this User

Report this user for behavior that violates our Community Guidelines.

Details: